000
00309nam a22001337a 4500
008
170627b xxu||||| |||| 00| 0 eng d
020
_a
9791584872114
041
_a
eng
080
_a
32
100
_a
21
101
_a
SHP
245
_a
GETTING READY FOR A NUCLEAR- READY IRAN
_c
SOKOLSKI, H
942
_2
udc
_c
BK
999
_c
19148
_d
19148